| 000 | 00784nam a22002177a 4500 | ||
|---|---|---|---|
| 999 |
_c9216 _d9216 |
||
| 003 | AR-CdUCM | ||
| 008 | 190327b ||||| |||| 00| 0 spa d | ||
| 040 |
_aMUNICIPALIDAD PROVINCIAL DEL CUSCO _cBIBLIOTECA MUNICIPAL DEL CUSCO |
||
| 082 |
_a792 / _bT28 |
||
| 245 |
_aEl teatro : _benciclopedia del arte escénico / |
||
| 260 |
_aBarcelona : _bNoguer, _c1958. |
||
| 300 |
_a642 páginas ; _bilustraciones ; _c24 cm. |
||
| 500 | _aTapa del libro desprendida en su totalidad. | ||
| 505 | _aContenido : Teatro: espiritu y técnica -- Los generos teatrales -- Las técnicas del teatro -- Geografia del teatro actual. | ||
| 650 |
_aTeatro _9173 |
||
| 650 |
_aHistoria _9136 |
||
| 650 |
_aEnciclopedia _918075 |
||
| 710 |
_aEditorial Noguer _917531 |
||
| 942 |
_2ddc _cLIBROS |
||
| 945 | _azta | ||